000 00333nam a2200133Ia 4500
005 20260328104342.0
008 260328s9999||||xx |||||||||||||| ||und||
100 _aVan Lengen, Johan
245 0 _aManual del Arquitecto descalzo /
_cJohan Van Lengen
260 _bOpax
300 _a365 p.
650 _aARQUITECTURA
942 _cBK
999 _c12165
_d12165